[Event "Iran Chess Championship Semi Final 2015 "]
[Site "Rasht , Iran"]
[Date "2015.12.15"]
[Round "5"]
[Board "3"]
[White "Mousavi, Seyed Khalil"]
[Black "Noroozi, Omid"]
[Result "0-1"]
[WhiteElo "2434"]
[BlackElo "2380"]
[PlyCount "0"]
[EventDate "2015.12.13"]
[EventRounds "9"]
[EventCountry "IRI"]

1. d4 {[%clk 1:14:31]} d5 {[%clk 1:30:40]} 2. Nf3 {[%clk 1:13:30]} Nf6
{[%clk 1:31:04]} 3. c4 {[%clk 1:13:42]} c6 {[%clk 1:31:28]} 4. e3
{[%clk 1:13:59]} e6 {[%clk 1:31:53]} 5. Nbd2 {[%clk 1:14:08]} Nbd7
{[%clk 1:32:15]} 6. Bd3 {[%clk 1:14:33]} Bd6 {[%clk 1:32:39]} 7. O-O
{[%clk 1:14:30]} O-O {[%clk 1:33:01]} 8. e4 {[%clk 1:14:58]} e5 {[%clk 1:33:25]}
9. cxd5 {[%clk 1:15:23]} cxd5 {[%clk 1:33:50]} 10. Re1 {[%clk 1:15:49]} h6
{[%clk 1:34:11]} 11. h3 Re8 12. exd5 {[%clk 1:15:42]} exd4 {[%clk 1:35:02]} 13.
Rxe8+ {[%clk 1:16:08]} Qxe8 {[%clk 1:35:24]} 14. Nc4 {[%clk 1:16:15]} Bc5 15. Bf4
{[%clk 1:16:34]} Nxd5 {[%clk 1:31:04]} 16. Bh2 {[%clk 1:10:34]} Nb4 17. Bf1 Nc6
{[%clk 1:10:18]} 18. a3 {[%clk 1:07:37]} a5 {[%clk 1:00:48]} 19. Nd6
{[%clk 0:40:42]} Qf8 {[%clk 0:49:56]} 20. Nb5 {[%clk 0:39:18]} Nf6
{[%clk 0:50:14]} 21. Ne5 {[%clk 0:32:38]} Bf5 {[%clk 0:45:39]} 22. Bd3
{[%clk 0:24:50]} Bxd3 {[%clk 0:45:07]} 23. Qxd3 {[%clk 0:24:48]} Re8
{[%clk 0:41:18]} 24. Nc4 {[%clk 0:22:45]} Qe7 {[%clk 0:40:25]} 25. Bd6
{[%clk 0:15:18]} Bxd6 {[%clk 0:40:26]} 26. Ncxd6 {[%clk 0:15:39]} Rd8
{[%clk 0:35:46]} 27. Nf5 {[%clk 0:15:08]} Qe5 {[%clk 0:35:17]} 28. Rd1
{[%clk 0:14:18]} Nd5 {[%clk 0:23:20]} 29. Nbxd4 {[%clk 0:10:10]} Nxd4
{[%clk 0:15:03]} 30. Nxd4 {[%clk 0:10:30]} Nf4 {[%clk 0:15:18]} 31. Qe3
{[%clk 0:10:49]} Qg5 {[%clk 0:12:33]} 32. g3 Nxh3+ {[%clk 0:11:43]} 33. Kg2
{[%clk 0:05:49]} Qd5+ {[%clk 0:11:17]} 34. f3 {[%clk 0:04:49]} Ng5
{[%clk 0:11:17]} 35. Rd2 {[%clk 0:05:14]} Qd7 {[%clk 0:07:58]} 36. g4
{[%clk 0:04:36]} Ne6 {[%clk 0:04:27]} 37. Nb3 {[%clk 0:05:00]} Qc7
{[%clk 0:04:52]} 38. Rxd8+ {[%clk 0:04:02]} Qxd8 {[%clk 0:05:20]} 39. Nd2
{[%clk 0:03:09]} Qc7 {[%clk 0:05:28]} 40. Ne4 {[%clk 0:02:32]} Nf4+
{[%clk 0:05:52]} 41. Kg1 {[%clk 0:01:18]} Qe5 {[%clk 0:05:07]} 42. Qb6
{[%clk 0:01:05]} Ne2+ {[%clk 0:02:10]} 43. Kg2 {[%clk 0:00:41]} Nf4+
{[%clk 0:02:00]} 44. Kg1 {[%clk 0:00:58]} Kh7 {[%clk 0:01:10]} 45. Qxb7
{[%clk 0:00:38]} Qd4+ {[%clk 0:01:24]} 46. Kh2 {[%clk 0:00:50]} a4
{[%clk 0:00:37]} 47. Qxf7 {[%clk 0:00:37]} Qxb2+ {[%clk 0:01:05]} 48. Kg3
{[%clk 0:01:03]} Ng6 {[%clk 0:00:44]} 49. g5 {[%clk 0:00:39]} Qe5+
{[%clk 0:01:12]} 50. Kg4 {[%clk 0:00:49]} Qxe4+ {[%clk 0:00:58]} 0-1

[Event "Iran Chess Championship Semi Final 2015 "]
[Site "Rasht , Iran"]
[Date "2015.12.15"]
[Round "5"]
[Board "4"]
[White "Asgharzadeh, M.Reza"]
[Black "Lorparizangeneh, Shahin"]
[Result "0-1"]
[WhiteElo "2278"]
[BlackElo "2454"]
[PlyCount "0"]
[EventDate "2015.12.13"]
[EventRounds "9"]
[EventCountry "IRI"]

1. e4 {[%clk 1:08:44]} c6 {[%clk 1:28:02]} 2. d4 {[%clk 1:07:24]} d5
{[%clk 1:27:54]} 3. exd5 {[%clk 1:07:41]} cxd5 {[%clk 1:28:18]} 4. Bd3
{[%clk 1:07:48]} Nc6 {[%clk 1:28:21]} 5. c3 {[%clk 1:08:11]} Qc7 {[%clk 1:26:22]}
6. Ne2 {[%clk 1:08:11]} Bg4 {[%clk 1:24:37]} 7. Bf4 {[%clk 1:03:42]} Qxf4
{[%clk 1:21:07]} 8. Nxf4 {[%clk 1:03:59]} Bxd1 {[%clk 1:21:33]} 9. Kxd1
{[%clk 1:04:16]} e6 {[%clk 1:17:18]} 10. Bb5 {[%clk 1:04:07]} Bd6
{[%clk 1:07:17]} 11. Bxc6+ {[%clk 1:02:36]} bxc6 {[%clk 1:07:43]} 12. Nd3
{[%clk 1:02:59]} f6 {[%clk 1:07:12]} 13. Re1 {[%clk 1:02:15]} Kf7
{[%clk 1:07:25]} 14. Nd2 {[%clk 1:02:34]} Ne7 {[%clk 1:06:22]} 15. Nb3
{[%clk 0:58:00]} Ng6 {[%clk 1:04:19]} 16. Nbc5 {[%clk 0:47:31]} e5
{[%clk 1:01:42]} 17. Nb7 {[%clk 0:46:36]} Bc7 {[%clk 1:01:04]} 18. Nb4
{[%clk 0:35:34]} a5 {[%clk 0:53:21]} 19. Nc2 {[%clk 0:14:31]} Rhb8
{[%clk 0:46:33]} 20. Nc5 {[%clk 0:14:29]} Rxb2 {[%clk 0:46:49]} 21. Kd2
{[%clk 0:12:02]} Bd6 {[%clk 0:31:53]} 22. Nb3 {[%clk 0:03:35]} a4
{[%clk 0:26:24]} 23. Kc1 {[%clk 0:04:04]} axb3 {[%clk 0:26:45]} 24. Kxb2
{[%clk 0:04:29]} bxc2 {[%clk 0:27:11]} 25. a4 {[%clk 0:04:54]} exd4
{[%clk 0:20:04]} 26. cxd4 {[%clk 0:05:18]} c5 {[%clk 0:20:32]} 27. Kxc2
{[%clk 0:04:02]} cxd4 {[%clk 0:20:54]} 28. Reb1 {[%clk 0:03:31]} Ne5
{[%clk 0:16:45]} 29. Rb7+ {[%clk 0:03:54]} Ke6 {[%clk 0:15:49]} 30. a5
{[%clk 0:02:14]} Nc6 {[%clk 0:14:23]} 31. Re1+ {[%clk 0:01:45]} Kf5
{[%clk 0:14:29]} 32. Rd7 {[%clk 0:01:06]} Nb4+ {[%clk 0:14:29]} 33. Kb3
{[%clk 0:01:18]} Nd3 {[%clk 0:14:26]} 34. Rxd6 {[%clk 0:00:43]} Nxe1
{[%clk 0:14:51]} 35. Rxd5+ {[%clk 0:01:08]} Ke4 {[%clk 0:15:17]} 36. Kc4
{[%clk 0:00:58]} d3 {[%clk 0:10:50]} 37. Rd4+ {[%clk 0:01:10]} Kf5
{[%clk 0:10:54]} 38. g4+ {[%clk 0:00:54]} Kg5 {[%clk 0:10:37]} 39. Kb5
{[%clk 0:01:19]} Rb8+ {[%clk 0:09:46]} 40. Kc6 {[%clk 0:01:47]} Nc2
{[%clk 0:09:22]} 41. Rxd3 {[%clk 0:01:24]} Nb4+ {[%clk 0:09:30]} 42. Kc7
{[%clk 0:01:52]} Rb5 {[%clk 0:08:58]} 43. Ra3 {[%clk 0:01:39]} Na6+
{[%clk 0:08:55]} 44. Kc6 {[%clk 0:02:08]} Rb2 {[%clk 0:09:03]} 45. Rh3
{[%clk 0:01:15]} Nb4+ {[%clk 0:08:01]} 46. Kc5 {[%clk 0:01:23]} h6
{[%clk 0:07:51]} 47. Ra3 {[%clk 0:00:58]} Na6+ {[%clk 0:07:47]} 48. Kc4
{[%clk 0:01:00]} Rb4+ {[%clk 0:07:56]} 49. Kd5 {[%clk 0:01:06]} Kxg4
{[%clk 0:07:18]} 50. Ke6 {[%clk 0:00:50]} Kh5 {[%clk 0:05:58]} 51. Kf7
{[%clk 0:01:05]} Rb7+ {[%clk 0:06:13]} 52. Ke6 {[%clk 0:01:19]} Kg6
{[%clk 0:05:50]} 53. Kd6 {[%clk 0:00:36]} Rb2 {[%clk 0:05:44]} 54. Rg3+
{[%clk 0:00:40]} Kh7 {[%clk 0:05:49]} 55. Kc6 {[%clk 0:01:01]} Rxf2
{[%clk 0:05:12]} 56. Kb6 {[%clk 0:01:24]} Nb8 {[%clk 0:05:26]} 57. Rb3
{[%clk 0:01:33]} Ra2 {[%clk 0:05:34]} 58. Rb5 {[%clk 0:01:57]} Kg6
{[%clk 0:05:31]} 59. Kc7 {[%clk 0:01:31]} Na6+ {[%clk 0:05:05]} 60. Kb6
{[%clk 0:01:59]} Nb8 {[%clk 0:03:04]} 61. Kc7 {[%clk 0:02:22]} Na6+
{[%clk 0:03:04]} 62. Kb6 {[%clk 0:02:50]} Rxh2 {[%clk 0:03:08]} 63. Kxa6
{[%clk 0:03:00]} h5 {[%clk 0:03:06]} 64. Kb6 {[%clk 0:03:26]} Re2
{[%clk 0:02:34]} 65. a6 {[%clk 0:02:02]} Re8 {[%clk 0:02:57]} 66. a7
{[%clk 0:01:58]} h4 {[%clk 0:03:00]} 67. Kc7 {[%clk 0:02:21]} f5 {[%clk 0:02:06]}
68. Ra5 {[%clk 0:02:34]} f4 {[%clk 0:01:36]} 69. a8=Q {[%clk 0:02:38]} Rxa8
{[%clk 0:02:05]} 70. Rxa8 {[%clk 0:03:07]} Kf5 {[%clk 0:02:15]} 71. Kd6
{[%clk 0:03:04]} h3 {[%clk 0:02:14]} 72. Rf8+ {[%clk 0:03:06]} Kg4
{[%clk 0:02:02]} 73. Ke5 {[%clk 0:03:23]} g5 {[%clk 0:01:47]} 74. Ke4
{[%clk 0:00:40]} h2 {[%clk 0:01:59]} 75. Rh8 {[%clk 0:01:04]} Kg3
{[%clk 0:02:28]} 76. Rh5 {[%clk 0:00:55]} g4 {[%clk 0:02:42]} 77. Rh6
{[%clk 0:00:45]} f3 {[%clk 0:02:49]} 78. Ke3 {[%clk 0:00:37]} Kg2
{[%clk 0:03:14]} 0-1

[Event "Iran Chess Championship Semi Final 2015 "]
[Site "Rasht , Iran"]
[Date "2015.12.15"]
[Round "5"]
[Board "5"]
[White "Maghsoodloo, Parham"]
[Black "Ghaziolsharif, Kaveh"]
[Result "1-0"]
[WhiteElo "2443"]
[BlackElo "2260"]
[PlyCount "0"]
[EventDate "2015.12.13"]
[EventRounds "9"]
[EventCountry "IRI"]

1. Nf3 {[%clk 1:15:03]} Nf6 {[%clk 1:30:49]} 2. c4 {[%clk 1:15:06]} g6
{[%clk 1:31:12]} 3. Nc3 {[%clk 1:14:40]} Bg7 {[%clk 1:31:31]} 4. d4
{[%clk 1:15:04]} O-O {[%clk 1:31:54]} 5. e4 {[%clk 1:15:29]} d6 {[%clk 1:32:18]}
6. Be2 {[%clk 1:15:54]} e5 {[%clk 1:31:21]} 7. O-O {[%clk 1:13:47]} Na6
{[%clk 1:31:04]} 8. Be3 {[%clk 1:08:36]} Ng4 {[%clk 1:31:20]} 9. Bg5
{[%clk 1:09:01]} Qe8 {[%clk 1:31:43]} 10. dxe5 {[%clk 1:05:49]} dxe5
{[%clk 1:28:59]} 11. Nd2 {[%clk 1:06:17]} f6 {[%clk 1:20:32]} 12. Bh4
{[%clk 0:56:44]} Nh6 {[%clk 1:20:47]} 13. a3 {[%clk 0:52:24]} Nc5
{[%clk 0:58:53]} 14. b4 {[%clk 0:51:14]} Ne6 {[%clk 0:59:09]} 15. c5
{[%clk 0:51:38]} f5 {[%clk 0:54:18]} 16. f3 {[%clk 0:49:11]} f4 {[%clk 0:52:39]}
17. Bf2 {[%clk 0:36:22]} g5 {[%clk 0:49:18]} 18. Nb3 {[%clk 0:35:52]} Qg6
{[%clk 0:40:09]} 19. Ra2 {[%clk 0:34:07]} Kh8 {[%clk 0:27:02]} 20. Rd2
{[%clk 0:31:03]} Nf7 {[%clk 0:21:03]} 21. Nd5 {[%clk 0:22:32]} Bf6
{[%clk 0:17:08]} 22. Na5 {[%clk 0:21:16]} Bd8 {[%clk 0:05:33]} 23. c6
{[%clk 0:21:12]} b6 {[%clk 0:05:48]} 24. Nc4 {[%clk 0:21:41]} Ng7
{[%clk 0:03:10]} 25. b5 {[%clk 0:20:43]} h5 {[%clk 0:03:38]} 26. Rc2
{[%clk 0:17:32]} g4 {[%clk 0:03:01]} 27. Be1 {[%clk 0:18:00]} g3 {[%clk 0:01:12]}
28. Bc3 {[%clk 0:17:45]} gxh2+ {[%clk 0:01:12]} 29. Kh1 {[%clk 0:18:04]} Qg5
{[%clk 0:01:26]} 30. Qa1 {[%clk 0:08:00]} Re8 {[%clk 0:01:48]} 31. Rd1
{[%clk 0:08:01]} Rb8 {[%clk 0:00:47]} 32. Rcd2 {[%clk 0:08:24]} h4
{[%clk 0:00:36]} 33. Bf1 {[%clk 0:02:35]} h3 {[%clk 0:00:34]} 34. Kxh2
{[%clk 0:00:48]} Nh5 {[%clk 0:00:32]} 35. Qb2 {[%clk 0:00:33]} Ng3
{[%clk 0:00:38]} 36. gxh3 {[%clk 0:00:45]} Kh7 {[%clk 0:00:33]} 37. Bg2
{[%clk 0:00:35]} Nh5 38. Rd3 {[%clk 0:00:41]} Qg3+ {[%clk 0:00:33]} 39. Kh1
{[%clk 0:01:05]} Ng5 {[%clk 0:00:32]} 40. Be1 {[%clk 0:01:30]} Nxh3 41. Bxg3
{[%clk 0:01:23]} Nxg3+ {[%clk 0:01:00]} 42. Kh2 {[%clk 0:01:52]} Rh8
{[%clk 0:00:59]} 43. Bxh3 {[%clk 0:02:11]} Kg8 {[%clk 0:00:42]} 44. Nxf4
{[%clk 0:02:34]} 1-0

[Event "Iran Chess Championship Semi Final 2015 "]
[Site "Rasht , Iran"]
[Date "2015.12.15"]
[Round "5"]
[Board "6"]
[White "Mahjoob Zardast, Morteza"]
[Black "Rostami, Rouzbeh"]
[Result "0-1"]
[WhiteElo "2381"]
[BlackElo "2150"]
[PlyCount "0"]
[EventDate "2015.12.13"]
[EventRounds "9"]
[EventCountry "IRI"]

1. Nf3 {[%clk 1:30:06]} Nf6 {[%clk 1:26:46]} 2. c4 {[%clk 1:30:09]} g6
{[%clk 1:26:34]} 3. g3 {[%clk 1:27:54]} Bg7 {[%clk 1:26:52]} 4. Bg2
{[%clk 1:28:20]} O-O {[%clk 1:27:11]} 5. O-O {[%clk 1:28:34]} d6 {[%clk 1:27:30]}
6. Nc3 {[%clk 1:28:22]} Nc6 {[%clk 1:27:41]} 7. d3 {[%clk 1:27:42]} e5
{[%clk 1:23:12]} 8. Rb1 {[%clk 1:28:03]} Nd7 {[%clk 1:22:16]} 9. b4
{[%clk 1:13:53]} Nd4 {[%clk 1:19:59]} 10. e3 {[%clk 0:58:40]} Ne6
{[%clk 1:13:29]} 11. d4 {[%clk 0:54:01]} exd4 {[%clk 1:12:28]} 12. exd4
{[%clk 0:54:24]} a5 {[%clk 1:11:34]} 13. a3 {[%clk 0:44:03]} axb4
{[%clk 1:09:28]} 14. axb4 {[%clk 0:44:32]} Nb6 {[%clk 1:09:39]} 15. c5
{[%clk 0:40:21]} Nc4 {[%clk 0:56:50]} 16. d5 {[%clk 0:28:53]} Bxc3
{[%clk 0:54:26]} 17. Qb3 {[%clk 0:25:05]} Nd2 {[%clk 0:39:26]} 18. Nxd2
{[%clk 0:16:55]} Nd4 {[%clk 0:38:30]} 19. Qc4 {[%clk 0:16:42]} Bf5
{[%clk 0:38:07]} 20. Bb2 {[%clk 0:16:20]} Bxb2 {[%clk 0:34:31]} 21. Rxb2
{[%clk 0:16:44]} Qf6 {[%clk 0:34:44]} 22. Kh1 {[%clk 0:15:22]} b5
{[%clk 0:29:02]} 23. Qc3 {[%clk 0:15:04]} Qg7 {[%clk 0:25:46]} 24. h3
{[%clk 0:06:19]} dxc5 {[%clk 0:21:49]} 25. bxc5 {[%clk 0:06:12]} Ra4
{[%clk 0:22:10]} 26. g4 {[%clk 0:04:29]} Bc8 {[%clk 0:22:30]} 27. Nf3
{[%clk 0:03:15]} Rc4 {[%clk 0:22:24]} 28. Qa3 {[%clk 0:01:10]} Nxf3
{[%clk 0:20:29]} 29. Bxf3 {[%clk 0:01:30]} h5 {[%clk 0:20:03]} 30. Rb4
{[%clk 0:00:37]} hxg4 {[%clk 0:11:29]} 31. Rxc4 {[%clk 0:00:48]} Qh6
{[%clk 0:08:09]} 32. Bxg4 {[%clk 0:00:40]} bxc4 {[%clk 0:08:31]} 33. Bxc8
{[%clk 0:01:06]} Rxc8 {[%clk 0:08:56]} 34. Qf3 {[%clk 0:00:44]} Rb8
{[%clk 0:09:01]} 35. d6 {[%clk 0:00:35]} cxd6 {[%clk 0:09:12]} 36. cxd6
{[%clk 0:01:04]} Rb3 {[%clk 0:09:29]} 37. Qa8+ Kh7 38. Qd5 {[%clk 0:00:33]} Qxh3+
{[%clk 0:05:02]} 39. Kg1 {[%clk 0:01:02]} Qg4+ {[%clk 0:04:46]} 40. Qg2
{[%clk 0:01:31]} Qe6 {[%clk 0:05:07]} 41. Qh2+ {[%clk 0:00:31]} Rh3
{[%clk 0:05:21]} 42. Qf4 {[%clk 0:00:41]} Rd3 {[%clk 0:04:59]} 43. Rc1
{[%clk 0:00:41]} c3 {[%clk 0:04:02]} 44. Kf1 {[%clk 0:00:37]} Kg7
{[%clk 0:02:37]} 45. Kg1 {[%clk 0:00:49]} Qd5 {[%clk 0:02:37]} 46. d7
{[%clk 0:00:44]} Qxd7 {[%clk 0:03:04]} 47. Rxc3 {[%clk 0:01:02]} Rd1+
{[%clk 0:01:28]} 48. Kh2 {[%clk 0:01:21]} Qd5 {[%clk 0:01:37]} 49. Qf3
{[%clk 0:00:38]} Qe5+ {[%clk 0:02:05]} 50. Kg2 {[%clk 0:00:35]} Qe1
{[%clk 0:02:16]} 51. Kg3 {[%clk 0:00:39]} Rd4 {[%clk 0:01:37]} 52. Kg2
{[%clk 0:00:33]} Rh4 {[%clk 0:01:35]} 53. Kg3 {[%clk 0:00:38]} g5
{[%clk 0:00:51]} 54. Qc6 {[%clk 0:01:02]} Qg1+ {[%clk 0:01:09]} 55. Kf3
{[%clk 0:01:28]} Rf4+ {[%clk 0:01:19]} 56. Ke3 {[%clk 0:01:50]} Qxf2+
{[%clk 0:01:41]} 0-1

[Event "Iran Chess Championship Semi Final 2015 "]
[Site "Rasht , Iran"]
[Date "2015.12.15"]
[Round "5"]
[Board "7"]
[White "Khatibi, Meysam"]
[Black "Sedaghati, Mehrdad"]
[Result "1/2-1/2"]
[WhiteElo "2172"]
[BlackElo "2325"]
[PlyCount "0"]
[EventDate "2015.12.13"]
[EventRounds "9"]
[EventCountry "IRI"]

1. e4 {[%clk 1:30:15]} c5 {[%clk 1:30:50]} 2. Nf3 {[%clk 1:30:27]} d6
{[%clk 1:31:10]} 3. d4 {[%clk 1:30:35]} cxd4 {[%clk 1:31:34]} 4. Nxd4
{[%clk 1:30:57]} Nf6 {[%clk 1:31:58]} 5. Nc3 {[%clk 1:31:11]} a6 {[%clk 1:32:21]}
6. Be3 {[%clk 1:30:57]} e5 {[%clk 1:32:33]} 7. Nb3 {[%clk 1:31:23]} Be6
{[%clk 1:32:55]} 8. Qd2 {[%clk 1:31:37]} Nbd7 {[%clk 1:33:07]} 9. f3
{[%clk 1:31:51]} Be7 {[%clk 1:33:29]} 10. g4 {[%clk 1:32:11]} b5 {[%clk 1:31:08]}
11. O-O-O {[%clk 1:31:25]} b4 {[%clk 1:23:49]} 12. Nd5 {[%clk 1:21:26]} Bxd5
{[%clk 1:23:17]} 13. exd5 {[%clk 1:21:53]} Nb6 {[%clk 1:21:55]} 14. Na5
{[%clk 1:09:14]} Nbxd5 {[%clk 1:10:46]} 15. Nc6 {[%clk 1:09:09]} Qc7
{[%clk 1:10:17]} 16. Nxe7 {[%clk 1:05:39]} Nxe3 {[%clk 1:04:58]} 17. Qxe3
{[%clk 0:58:07]} Kxe7 {[%clk 1:02:12]} 18. f4 {[%clk 0:44:32]} Rhc8
{[%clk 1:00:59]} 19. Qe2 {[%clk 0:37:51]} Kf8 {[%clk 0:57:18]} 20. g5
{[%clk 0:23:20]} Nh5 {[%clk 0:56:49]} 21. fxe5 {[%clk 0:23:17]} dxe5
{[%clk 0:57:05]} 22. Rd2 {[%clk 0:23:14]} g6 {[%clk 0:44:23]} 23. Qe4
{[%clk 0:21:38]} a5 {[%clk 0:43:49]} 24. Bh3 {[%clk 0:19:16]} Re8
{[%clk 0:39:15]} 25. Rd7 {[%clk 0:17:37]} Qc5 {[%clk 0:39:35]} 26. Bg4
{[%clk 0:08:17]} Rad8 {[%clk 0:09:40]} 27. Rxd8 {[%clk 0:04:24]} Rxd8
{[%clk 0:10:09]} 28. Bxh5 {[%clk 0:04:28]} gxh5 {[%clk 0:10:37]} 29. Re1
{[%clk 0:02:22]} Qd5 {[%clk 0:10:27]} 30. Qxd5 {[%clk 0:00:42]} Rxd5
{[%clk 0:10:56]} 31. Rd1 {[%clk 0:00:43]} Rc5 {[%clk 0:09:55]} 32. Rd6
{[%clk 0:00:38]} Kg7 {[%clk 0:09:20]} 33. Rh6 {[%clk 0:00:57]} f5
{[%clk 0:09:47]} 34. Re6 {[%clk 0:00:38]} Rd5 {[%clk 0:08:56]} 35. c4
{[%clk 0:00:35]} bxc3 {[%clk 0:09:23]} 36. bxc3 {[%clk 0:01:02]} f4
{[%clk 0:09:01]} 37. c4 {[%clk 0:00:43]} Rc5 {[%clk 0:09:00]} 38. Kd2
{[%clk 0:01:02]} Rxc4 {[%clk 0:09:18]} 39. Rxe5 {[%clk 0:01:30]} Ra4
{[%clk 0:09:39]} 40. Ke2 {[%clk 0:01:11]} Rxa2+ {[%clk 0:05:09]} 41. Kf3
{[%clk 0:01:39]} a4 {[%clk 0:05:23]} 42. Kxf4 {[%clk 0:00:50]} Rxh2
{[%clk 0:05:35]} 43. Ra5 {[%clk 0:01:09]} Rf2+ {[%clk 0:03:28]} 44. Kg3
{[%clk 0:01:03]} Ra2 {[%clk 0:03:52]} 45. Kh4 {[%clk 0:01:20]} a3
{[%clk 0:04:15]} 46. Ra7+ {[%clk 0:01:20]} Kg6 {[%clk 0:04:27]} 47. Rxa3
{[%clk 0:01:44]} Rxa3 1/2-1/2

[Event "Iran Chess Championship Semi Final 2015 "]
[Site "Rasht , Iran"]
[Date "2015.12.15"]
[Round "5"]
[Board "8"]
[White "Darini, Pouria"]
[Black "Bagheri, Maziar"]
[Result "1-0"]
[WhiteElo "2500"]
[BlackElo "2237"]
[PlyCount "0"]
[EventDate "2015.12.13"]
[EventRounds "9"]
[EventCountry "IRI"]

1. e4 {[%clk 1:28:25]} e5 {[%clk 1:30:53]} 2. Nf3 {[%clk 1:28:49]} Nc6
{[%clk 1:31:18]} 3. Bb5 {[%clk 1:28:45]} a6 {[%clk 1:31:18]} 4. Ba4
{[%clk 1:29:10]} Nf6 {[%clk 1:31:43]} 5. O-O {[%clk 1:29:34]} Be7
{[%clk 1:32:08]} 6. d3 {[%clk 1:29:50]} b5 {[%clk 1:32:32]} 7. Bb3
{[%clk 1:30:17]} O-O {[%clk 1:32:56]} 8. Nc3 {[%clk 1:30:41]} d6 {[%clk 1:33:07]}
9. a3 {[%clk 1:31:06]} Bg4 {[%clk 1:33:32]} 10. Be3 {[%clk 1:31:32]} Nd4
{[%clk 1:33:56]} 11. Bxd4 {[%clk 1:31:58]} exd4 {[%clk 1:34:20]} 12. Nd5
{[%clk 1:32:25]} c6 {[%clk 1:34:43]} 13. h3 {[%clk 1:32:49]} Bxf3
{[%clk 1:34:49]} 14. Nxe7+ {[%clk 1:33:05]} Qxe7 {[%clk 1:35:17]} 15. Qxf3
{[%clk 1:33:34]} c5 {[%clk 1:33:34]} 16. Rae1 {[%clk 1:15:10]} Rac8
{[%clk 1:28:02]} 17. Qg3 {[%clk 1:02:18]} Qc7 {[%clk 1:22:22]} 18. f4
{[%clk 0:42:59]} c4 {[%clk 1:20:26]} 19. Ba2 {[%clk 0:43:28]} Rfe8
{[%clk 1:19:41]} 20. Qf2 {[%clk 0:37:45]} Qc5 {[%clk 1:19:38]} 21. g4
{[%clk 0:28:23]} a5 {[%clk 1:17:16]} 22. g5 {[%clk 0:21:02]} Nd7 {[%clk 1:17:36]}
23. a4 {[%clk 0:18:15]} cxd3 {[%clk 0:54:09]} 24. cxd3 {[%clk 0:18:42]} bxa4
{[%clk 0:54:33]} 25. h4 {[%clk 0:11:27]} Nb6 {[%clk 0:44:22]} 26. h5
{[%clk 0:11:14]} d5 {[%clk 0:44:45]} 27. g6 {[%clk 0:07:05]} hxg6
{[%clk 0:39:39]} 28. hxg6 {[%clk 0:07:33]} Qd6 {[%clk 0:39:36]} 29. gxf7+
{[%clk 0:05:27]} Kxf7 {[%clk 0:40:03]} 30. Qg2 {[%clk 0:00:34]} Re6
{[%clk 0:19:51]} 31. e5 {[%clk 0:01:00]} Qe7 {[%clk 0:17:41]} 32. f5
{[%clk 0:00:34]} Rxe5 {[%clk 0:17:33]} 33. Qg6+ {[%clk 0:01:00]} Kg8
{[%clk 0:08:50]} 34. f6 {[%clk 0:01:21]} Qxf6 {[%clk 0:09:11]} 35. Rxf6
{[%clk 0:01:42]} Rxe1+ {[%clk 0:09:39]} 36. Rf1 {[%clk 0:01:37]} 1-0

[Event "Iran Chess Championship Semi Final 2015 "]
[Site "Rasht , Iran"]
[Date "2015.12.15"]
[Round "5"]
[Board "9"]
[White "Soozankar, A.M."]
[Black "Mosadeghpour, Masoud"]
[Result "1/2-1/2"]
[WhiteElo "2321"]
[BlackElo "2479"]
[PlyCount "0"]
[EventDate "2015.12.13"]
[EventRounds "9"]
[EventCountry "IRI"]

1. e4 d5 {[%clk 1:12:42]} 2. exd5 {[%clk 1:31:23]} Qxd5 {[%clk 1:13:07]} 3. Nc3
{[%clk 1:31:37]} Qd6 {[%clk 1:13:36]} 4. d4 {[%clk 1:31:58]} Nf6 {[%clk 1:14:00]}
5. Nf3 {[%clk 1:32:16]} a6 {[%clk 1:14:24]} 6. Bc4 {[%clk 1:32:05]} b5
{[%clk 1:14:37]} 7. Bb3 {[%clk 1:32:33]} Bb7 {[%clk 1:14:51]} 8. Ne5
{[%clk 1:32:46]} e6 {[%clk 1:14:27]} 9. Bf4 {[%clk 1:33:14]} Qd8 {[%clk 1:08:58]}
10. Qe2 {[%clk 1:27:05]} Nd5 {[%clk 1:08:31]} 11. Qf3 {[%clk 1:10:38]} Nc6
{[%clk 0:37:02]} 12. Nxd5 {[%clk 0:55:25]} Nxe5 {[%clk 0:37:17]} 13. Nf6+
{[%clk 0:54:22]} gxf6 {[%clk 0:23:32]} 14. Qxb7 {[%clk 0:54:40]} Bb4+
{[%clk 0:23:15]} 15. Kf1 {[%clk 0:52:57]} Rb8 {[%clk 0:18:09]} 16. Qe4
{[%clk 0:53:17]} Ng6 {[%clk 0:13:03]} 17. Qc6+ {[%clk 0:52:35]} Kf8
{[%clk 0:13:03]} 18. Bxc7 {[%clk 0:49:02]} Qc8 {[%clk 0:13:26]} 19. Bd6+
{[%clk 0:49:28]} Bxd6 {[%clk 0:13:51]} 20. Qxd6+ {[%clk 0:49:56]} Kg7
{[%clk 0:14:14]} 21. h4 {[%clk 0:48:56]} h5 {[%clk 0:12:33]} 22. c3
{[%clk 0:47:03]} e5 {[%clk 0:09:06]} 23. dxe5 {[%clk 0:45:37]} fxe5
{[%clk 0:09:35]} 24. Rd1 {[%clk 0:42:47]} Rd8 {[%clk 0:07:26]} 25. Qxd8
{[%clk 0:37:48]} Qxd8 {[%clk 0:07:51]} 26. Rxd8 {[%clk 0:38:17]} Rxd8
{[%clk 0:08:09]} 27. Ke1 {[%clk 0:38:25]} Nf4 {[%clk 0:08:33]} 28. g3
{[%clk 0:38:54]} Nd3+ {[%clk 0:08:46]} 29. Ke2 {[%clk 0:39:18]} Nxb2
{[%clk 0:07:46]} 30. Rb1 {[%clk 0:39:08]} Nd3 {[%clk 0:01:27]} 31. Rd1
{[%clk 0:39:16]} e4 {[%clk 0:01:56]} 32. Bc2 {[%clk 0:39:10]} Re8
{[%clk 0:01:21]} 33. Bxd3 {[%clk 0:39:25]} exd3+ {[%clk 0:01:50]} 34. Kxd3
{[%clk 0:39:50]} Kf6 {[%clk 0:02:14]} 35. Kc2 {[%clk 0:39:09]} Re6
{[%clk 0:00:31]} 36. Rd2 {[%clk 0:38:38]} Kf5 {[%clk 0:00:32]} 37. Rd5+
{[%clk 0:39:00]} Kg6 {[%clk 0:00:32]} 38. Kd3 {[%clk 0:38:42]} Rf6
{[%clk 0:00:47]} 39. f4 {[%clk 0:35:05]} Rc6 {[%clk 0:00:36]} 40. Rg5+
{[%clk 0:35:34]} Kh6 {[%clk 0:00:56]} 41. Rg8 {[%clk 0:36:01]} Rc4
{[%clk 0:00:55]} 42. Rh8+ {[%clk 0:30:31]} Kg6 {[%clk 0:01:00]} 1/2-1/2

[Event "Iran Chess Championship Semi Final 2015 "]
[Site "Rasht , Iran"]
[Date "2015.12.15"]
[Round "5"]
[Board "10"]
[White "Gholami, Aryan"]
[Black "Mojaverian, Hossein"]
[Result "1-0"]
[WhiteElo "2422"]
[BlackElo "2151"]
[PlyCount "0"]
[EventDate "2015.12.13"]
[EventRounds "9"]
[EventCountry "IRI"]

1. d4 {[%clk 1:30:24]} Nf6 {[%clk 1:30:47]} 2. Bf4 {[%clk 1:30:32]} e6
{[%clk 1:27:56]} 3. e3 {[%clk 1:29:33]} c5 {[%clk 1:27:18]} 4. Nd2
{[%clk 1:28:36]} b6 {[%clk 1:21:31]} 5. Ngf3 {[%clk 1:27:10]} Be7
{[%clk 1:21:16]} 6. h3 {[%clk 1:27:14]} O-O {[%clk 1:21:07]} 7. Bd3
{[%clk 1:27:21]} Bb7 {[%clk 1:20:57]} 8. c3 {[%clk 1:27:34]} Nd5 {[%clk 1:16:42]}
9. Bh2 {[%clk 1:26:16]} f5 {[%clk 1:16:49]} 10. O-O {[%clk 1:23:13]} Nc6
{[%clk 1:09:21]} 11. a3 {[%clk 1:19:57]} Kh8 {[%clk 0:53:37]} 12. Rc1
{[%clk 1:15:10]} d6 {[%clk 0:47:56]} 13. Qc2 {[%clk 1:09:11]} Qd7
{[%clk 0:45:48]} 14. c4 {[%clk 1:06:30]} Nc7 {[%clk 0:44:24]} 15. Rfd1
{[%clk 1:05:27]} g6 {[%clk 0:41:45]} 16. Nb1 {[%clk 0:57:44]} Rad8
{[%clk 0:39:37]} 17. Nc3 {[%clk 0:57:35]} cxd4 {[%clk 0:33:53]} 18. exd4
{[%clk 0:57:31]} Bf6 {[%clk 0:34:16]} 19. c5 {[%clk 0:40:52]} bxc5
{[%clk 0:21:17]} 20. dxc5 {[%clk 0:41:18]} d5 {[%clk 0:21:20]} 21. Re1
{[%clk 0:38:05]} d4 {[%clk 0:16:36]} 22. Nb5 {[%clk 0:37:24]} Nxb5
{[%clk 0:13:54]} 23. Bxb5 {[%clk 0:37:53]} Nb4 {[%clk 0:03:46]} 24. Qc4
{[%clk 0:33:50]} Bc6 {[%clk 0:03:39]} 25. Bxc6 {[%clk 0:34:17]} Nxc6
{[%clk 0:03:57]} 26. Rxe6 {[%clk 0:34:17]} Na5 {[%clk 0:02:22]} 27. Qa6
{[%clk 0:32:56]} Bg7 {[%clk 0:01:09]} 28. Rd6 {[%clk 0:32:52]} Qa4
{[%clk 0:01:26]} 29. Rxd8 {[%clk 0:32:56]} Rxd8 {[%clk 0:01:28]} 30. c6
{[%clk 0:33:10]} 1-0